| 000 | 00695nam a22001815i 4500 | ||
|---|---|---|---|
| 001 | 161433 | ||
| 003 | ES-MaACL | ||
| 005 | 20250907063122.0 | ||
| 008 | 041021s1862 fr |||| | fre d | ||
| 040 |
_aCAM _bspa _cCAM |
||
| 100 | 1 |
_aParis, Gaston, _d1839-1903 _989136 |
|
| 245 | 1 | 0 |
_aÉtude sur le rôle de l'accent latin dans la langue française / _cpar Gaston Paris. |
| 260 |
_aParis ; _aLeipzig : _bLibraire A. Franck, _c1862 ( _fTypographie de A. Dupré) |
||
| 300 |
_a132 p. ; _c23 cm. |
||
| 650 | 4 |
_aLengua francesa- _xGramática. _914220 |
|
| 852 |
_aES-MaACL _jT-375-F-2 _z-- Enc. hol. _q-- Falto de la cub. original _z-- Enc. en un vol. facticio |
||
| 999 |
_c161433 _d161433 |
||